000 00298nam a2200109Ia 4500
008 171211s9999 xx 000 0 und d
245 _aAnalysis of Economic Data, 2nd Edition
245 _cGary Koop
260 _c2005
650 _xECONOMICS
856 _uhttp://down.ebook777.com/062/0470024682.pdf
999 _c349590
_d349590